Assembly Language Techniques For The IBM Pc (Record no. 21010)
[ view plain ]
| 000 -LEADER | |
|---|---|
| fixed length control field | 00308nam a2200145Ia 4500 |
| 082 ## - DEWEY DECIMAL CLASSIFICATION NUMBER | |
| Classification number | 1.6 |
| Item number | Mil |
| 100 ## - MAIN ENTRY--PERSONAL NAME | |
| Personal name | Miller /A.R |
| 245 ## - TITLE STATEMENT | |
| Title | Assembly Language Techniques For The IBM Pc |
| 260 ## - PUBLICATION, DISTRIBUTION, ETC. | |
| Name of publisher, distributor, etc. | B.P.B. Pub. |
| Place of publication, distribution, etc. | Delhi |
| 300 ## - PHYSICAL DESCRIPTION | |
| Extent | 358 |
| 546 ## - LANGUAGE NOTE | |
| Language note | ENGLISH |
| 654 ## - SUBJECT ADDED ENTRY--FACETED TOPICAL TERMS | |
| Focus term | IBM PC |
| 942 ## - ADDED ENTRY ELEMENTS (KOHA) | |
| Koha item type | BOOK |
| Withdrawn status | Lost status | Damaged status | Not for loan | Collection | Home library | Current library | Shelving location | Date acquired | Total Checkouts | Full call number | Barcode | Date last seen | Price effective from | Koha item type |
|---|---|---|---|---|---|---|---|---|---|---|---|---|---|---|
| AFT | Fr. Agnel's C.Rodrigues College of Engineering | Fr. Agnel's C.Rodrigues College of Engineering | 17/03/2023 | 1.6 Mil | AFT5560 | 17/03/2023 | 17/03/2023 | BOOK |